[Event "Campeonato de Aragon por Equipos - Division de Honor"]
[Site ""]
[Date "2022.03.05"]
[Round "6.2"]
[White "Colom Sienes, Eduardo"]
[Black "Guzman Moneo, Alberto"]
[Result "1/2-1/2"]
[WhiteElo "2081"]
[BlackElo "2196"]
[PlyCount "0"]
[WhiteTeam "Palacio De Pioneros B"]
[BlackTeam "Helios"]
[EventDate "2022.01.29"]


1. e4 c5 2. Nf3 Nc6 3. d4 cxd4 4. Nxd4 g6 5. Nc3 Bg7 6. Be3 Nf6 7. Bc4 O-O 8.
Bb3 d6 9. f3 Qa5 10. Qd2 Nxd4 11. Bxd4 Be6 12. O-O-O b5 13. Kb1 b4 14. Ne2 Bxb3
15. cxb3 Qb5 16. g4 e5 17. Be3 d5 18. g5 d4 19. gxf6 dxe3 20. Qxe3 Bxf6 21. h4
Rfd8 22. h5 Rxd1+ 23. Rxd1 Rd8 24. Rxd8+ Bxd8 25. Nc1 Qb6 26. Qe2 gxh5 27. Qh2
Bg5 28. Qxe5 Qe3 29. Qe8+ Kg7 30. Qe5+ Kg6 31. Qd6+ f6 32. a4 Qxc1+ 33. Ka2 Qf4
34. Qd8 Bh6 35. Qe8+ Kg5 36. Qg8+ Kh4 37. Qxh7 a5 38. Qa7 Qxf3 39. Qxa5 Qxe4
40. Qb6 Qe5 41. Qxb4+ Bf4 42. a5 Qb8 43. Qe1+ Bg3 44. Qh1+ Kg5 45. a6 Qb6 46.
Qd5+ Kh4 47. Qh1+ Kg4 48. Qe4+ Bf4 49. Qg2+ Kf5 50. Qd5+ Kg6 51. Qg8+ Kh6 52.
Qh8+ Kg6 53. Qg8+ Kh6 54. Qh8+ Kg6 55. Qg8+ Kh6 1/2-1/2

[Event "Campeonato de Aragon por Equipos - Division de Honor"]
[Site ""]
[Date "2022.03.05"]
[Round "6.3"]
[White "Cerrajeria Ruiz, Jesus Maria"]
[Black "Gomez Salinas, Nestor"]
[Result "1/2-1/2"]
[WhiteElo "2065"]
[BlackElo "2068"]
[PlyCount "0"]
[WhiteTeam "Helios"]
[BlackTeam "Palacio De Pioneros B"]
[EventDate "2022.01.29"]

1. Nf3 Nf6 2. g3 d5 3. Bg2 Bf5 4. O-O Nc6 5. c4 Qd7 6. cxd5 Nxd5 7. Nc3 Nxc3 8.
bxc3 Bh3 9. Rb1 Bxg2 10. Kxg2 b6 11. Ba3 h6 12. d4 g5 13. d5 Rd8 14. e4 g4 15.
Nh4 Na5 16. Bb4 Nb7 17. c4 e5 18. Bxf8 Rxf8 19. Nf5 Rg8 20. f4 exf4 21. Rxf4 h5
22. Qd4 Qa4 23. Ng7+ Kd7 24. Rxf7+ Kc8 25. Rf2 Rgf8 26. Rbf1 Rxf2+ 27. Rxf2 Nd6
28. e5 Qxc4 29. Ne6 Qxd4 30. Nxd4 Nc4 31. Nc6 Ne3+ 32. Kg1 Re8 33. Rd2 Rf8 34.
Rf2 Rxf2 35. Kxf2 Nxd5 36. e6 a5 37. a4 b5 38. Na7+ Kd8 39. Nxb5 Ke7 40. Nd4
Kd6 41. Ke2 Nc3+ 42. Kd3 Nxa4 43. Kc4 Nb6+ 44. Kb3 c5 45. e7 a4+ 46. Ka3 Kxe7
47. Ne2 Kf6 48. Nf4 Kf5 49. Nxh5 Ke4 50. Nf4 Kf3 51. h4 Kxg3 52. Ng6 Kf3 53. h5
g3 54. h6 g2 55. Nh4+ Ke4 56. Nxg2 Nc4+ 57. Kxa4 Ne5 58. h7 1/2-1/2

[Event "Campeonato de Aragon por Equipos - Division de Honor"]
[Site ""]
[Date "2022.03.05"]
[Round "6.4"]
[White "Castillo Sanjuan, Daniel"]
[Black "Lorente Melcon, Maximo"]
[Result "0-1"]
[WhiteElo "1997"]
[BlackElo "1858"]
[PlyCount "0"]
[WhiteTeam "Palacio De Pioneros B"]
[BlackTeam "Helios"]
[EventDate "2022.01.29"]

1. e4 c5 2. Nc3 e6 3. g3 d5 4. exd5 exd5 5. d4 Nf6 6. Bg5 Nc6 7. Bxf6 Qxf6 8.
Nxd5 Qd8 9. dxc5 Bxc5 10. Bg2 O-O 11. Ne2 Bg4 12. h3 Bxe2 13. Kxe2 Qg5 14. Kf1
Rad8 15. c4 Kh8 16. Bf3 f5 17. Kg2 f4 18. h4 Qg6 19. Rf1 Ne5 20. b4 Nxf3 21.
Qxf3 fxg3 22. h5 Qc6 23. Qxg3 Bxb4 24. Rac1 Rf5 25. Rh1 Bd6 26. Qd3 Rdf8 27.
Rc2 Bc5 28. f3 h6 29. Rh3 b5 30. Rg3 R8f7 31. Rd2 Bd6 32. cxb5 Qc1 33. Ne3 R5f6
34. Rg6 Qe1 35. Nf1 Rxf3 36. Rxd6 0-1

[Event "Campeonato de Aragon por Equipos - Division de Honor"]
[Site ""]
[Date "2022.03.05"]
[Round "6.5"]
[White "Ruperez Benito, Antonio"]
[Black "Sanchez Herrera, Miguel"]
[Result "1-0"]
[WhiteElo "2322"]
[BlackElo "2074"]
[PlyCount "0"]
[WhiteTeam "Palacio De Pioneros A"]
[BlackTeam "Agrupacion"]
[EventDate "2022.01.29"]

1. e4 c5 2. Nf3 Nc6 3. Bb5 e6 4. O-O Nge7 5. Re1 a6 6. Bf1 g6 7. d4 cxd4 8.
Nxd4 Bg7 9. Nb3 O-O 10. Nc3 b5 11. Be3 d6 12. Qd2 Qc7 13. Bh6 Bb7 14. Bxg7 Kxg7
15. a4 b4 16. Na2 a5 17. c3 Qb6 18. Bb5 bxc3 19. Nxc3 Rfd8 20. Rad1 Rac8 21.
Qe3 Qc7 22. Bf1 Ba8 23. Nb5 Qb8 24. Qc3+ Ne5 25. Qxa5 d5 26. Qb4 Ng4 27. e5
Nxf2 28. Kxf2 Nf5 29. N3d4 Nxd4 30. Qxd4 Rc2+ 31. Re2 Rc4 32. Qa7 Qc8 33. Nd6
Rf4+ 34. Kg3 Rxd6 35. Kxf4 g5+ 36. Kg3 Rc6 37. Qe7 h6 38. Rf2 1-0

[Event "Campeonato de Aragon por Equipos - Division de Honor"]
[Site ""]
[Date "2022.03.05"]
[Round "6.6"]
[White "Carruez Berges, Santiago"]
[Black "Romero Pallares, Daniel"]
[Result "0-1"]
[WhiteElo "1971"]
[BlackElo "2270"]
[PlyCount "0"]
[WhiteTeam "Agrupacion"]
[BlackTeam "Palacio De Pioneros A"]
[EventDate "2022.01.29"]

1. e4 c5 2. d4 cxd4 3. c3 d5 4. exd5 Qxd5 5. cxd4 Nf6 6. Nc3 Qd8 7. Nf3 e6 8.
Bc4 Be7 9. O-O O-O 10. Ne5 a6 11. Bd3 Nbd7 12. Qf3 Nb6 13. Rd1 Nbd5 14. Bg5
Nxc3 15. bxc3 Nd5 16. Qh5 f5 17. Bd2 Bd7 18. c4 Nf6 19. Qe2 Bd6 20. Rab1 Rb8
21. Bb4 Bxb4 22. Rxb4 Be8 23. Qe3 b5 24. Rdb1 Rc8 25. Nf3 Bf7 26. d5 bxc4 27.
dxe6 Qxd3 28. exf7+ Rxf7 29. Qe6 Qd7 30. Qxa6 c3 31. Rd4 c2 32. Rc1 Qb7 33. Qe6
Re8 34. Qc4 Rc8 35. Qe6 Kh8 36. Qxf5 Rfc7 37. Qd3 Qb2 38. Qd2 Rb7 39. Rd8+ Rxd8
40. Qxd8+ Ng8 41. Qd2 Qxc1+ 42. Qxc1 Rb1 0-1

[Event "Campeonato de Aragon por Equipos - Division de Honor"]
[Site ""]
[Date "2022.03.05"]
[Round "6.7"]
[White "Palacios Herrero, Pablo"]
[Black "Conon, Catalin"]
[Result "1-0"]
[WhiteElo "2222"]
[BlackElo "1887"]
[PlyCount "0"]
[WhiteTeam "Palacio De Pioneros A"]
[BlackTeam "Agrupacion"]
[EventDate "2022.01.29"]

1. e4 c5 2. Nf3 d6 3. d4 cxd4 4. Nxd4 Nf6 5. Nc3 Nc6 6. Bg5 e6 7. Qd3 Be7 8.
O-O-O O-O 9. f4 Nxd4 10. Qxd4 h6 11. Bh4 Qa5 12. Be1 e5 13. fxe5 dxe5 14. Qc4
Qc5 15. Bg3 Qe3+ 16. Kb1 Be6 17. Nd5 Bxd5 18. exd5 Ne4 19. Bd3 Nxg3 20. hxg3
Qxg3 21. Qc7 Bf6 22. Be4 Qg4 23. Rhe1 Bh4 24. Bf3 Qg6 25. Re4 Rfc8 26. Qxe5 Bf6
27. Qh5 Qg3 28. d6 Qf2 29. Re2 Qb6 30. c3 Rxc3 31. Bd5 Rf8 32. Bb3 Re3 33. d7
Rg3 34. Re8 g6 35. Qd5 Re3 36. Qxf7+ 1-0

[Event "Campeonato de Aragon por Equipos - Division de Honor"]
[Site ""]
[Date "2022.03.05"]
[Round "6.8"]
[White "Lopez Gracia, Fernando"]
[Black "Adla Martin, Diego"]
[Result "1/2-1/2"]
[WhiteElo "2281"]
[BlackElo "2420"]
[PlyCount "0"]
[WhiteTeam "IberCaja"]
[BlackTeam "MyInvestor Casablanca"]
[EventDate "2022.01.29"]

1. e4 c6 2. d4 d5 3. exd5 cxd5 4. Nf3 Nf6 5. Ne5 Nc6 6. Bb5 Bd7 7. Nxd7 Qxd7 8.
c3 e6 9. Nd2 Bd6 10. O-O Qc7 11. g3 O-O-O 12. Nf3 Ne4 13. c4 dxc4 14. Qe2 Nf6
15. Bg5 Kb8 16. Rac1 Rc8 17. Rxc4 Qb6 18. Bxc6 Rxc6 19. Rxc6 Qxc6 20. Ne5 Qe8
21. Qf3 Bxe5 22. dxe5 Nd5 23. Rc1 Qd7 24. h4 b6 25. h5 h6 26. Bd2 Rc8 27. Rxc8+
Kxc8 28. Qg4 f5 29. exf6 Nxf6 30. Qc4+ Kb7 31. Bc3 Nxh5 32. Qg4 Nf6 33. Bxf6
gxf6 34. Qf3+ Qd5 35. Qxf6 Qxa2 36. Qxh6 Qb1+ 37. Kg2 Qe4+ 38. Kh2 a5 39. Qg7+
Ka6 40. g4 e5 41. g5 Qh4+ 1/2-1/2

[Event "Campeonato de Aragon por Equipos - Division de Honor"]
[Site ""]
[Date "2022.03.05"]
[Round "6.10"]
[White "Villalba Embid, Marcos"]
[Black "Vela Frago, Alberto"]
[Result "1/2-1/2"]
[WhiteElo "2058"]
[BlackElo "2153"]
[PlyCount "0"]
[WhiteTeam "IberCaja"]
[BlackTeam "MyInvestor Casablanca"]
[EventDate "2022.01.29"]

1. e4 e5 2. d4 exd4 3. Qxd4 Nc6 4. Qe3 g6 5. Nc3 Bg7 6. Bd2 Nf6 7. Bc4 O-O 8.
O-O-O Re8 9. f3 Na5 10. Bd3 d5 11. Qg5 dxe4 12. fxe4 Nc6 13. Nf3 Be6 14. Qh4
Ng4 15. Bg5 f6 16. Bc4 Qc8 17. Bxe6+ Qxe6 18. h3 Nge5 19. Bh6 Rad8 20. Bxg7
Kxg7 21. Qf4 a6 22. Rd5 Nb4 23. Rxd8 Rxd8 24. Nxe5 fxe5 25. Qg5 Rd7 26. Rd1 Rd4
27. a3 Nc6 28. Rf1 Ne7 29. Qe3 c6 30. Qf2 Rd8 31. Qb6 Rd7 32. Qf2 Rd8 33. Qb6
Rd7 34. Qf2 Rd8 1/2-1/2

[Event "Campeonato de Aragon por Equipos - Division de Honor"]
[Site ""]
[Date "2022.03.05"]
[Round "6.11"]
[White "Antonano Fernandez - Quincoces, Avelino"]
[Black "Moreno Burillo, Marcos Antonio"]
[Result "1-0"]
[WhiteElo "2024"]
[BlackElo "1690"]
[PlyCount "0"]
[WhiteTeam "MyInvestor Casablanca"]
[BlackTeam "IberCaja"]
[EventDate "2022.01.29"]

1. e4 g6 2. d4 Bg7 3. Nf3 c6 4. Nc3 d5 5. Be2 dxe4 6. Nxe4 Bf5 7. Ng3 Bg4 8.
Be3 Nf6 9. Ne5 Bxe2 10. Qxe2 Nbd7 11. f4 Nxe5 12. dxe5 Nd5 13. O-O Nxe3 14.
Qxe3 O-O 15. f5 Qa5 16. f6 exf6 17. exf6 Rfe8 18. Qb3 Qc5+ 19. Kh1 Bf8 20. Rae1
Qb4 21. Qxb4 Bxb4 22. c3 Bd6 23. Ne4 Re6 24. Nxd6 Rxd6 25. Re7 b6 26. g4 g5 27.
Rf5 h6 28. Kg2 a5 29. h4 gxh4 30. Kh3 Rad8 31. Kxh4 Rd2 32. g5 Rxb2 33. gxh6
Rh2+ 34. Kg5 Rd1 35. h7+ Kh8 36. Rf3 Rg1+ 37. Kf4 Rxh7 38. Rg3 Rh4+ 39. Kg5
Rxg3+ 40. Kxh4 Rxc3 41. Rxf7 Kg8 42. Rb7 b5 43. Kg5 Re3 44. Kg6 Rg3+ 45. Kf5
Rg2 46. Rb8+ Kf7 47. Rb7+ Kg8 48. Rb8+ Kh7 49. f7 Rf2+ 50. Ke6 Kg7 51. Rg8+ 1-0

[Event "Campeonato de Aragon por Equipos - Division de Honor"]
[Site ""]
[Date "2022.03.05"]
[Round "6.12"]
[White "Juberias Segura, Santiago"]
[Black "Forcen Esteban, Daniel"]
[Result "0-1"]
[WhiteElo "2026"]
[BlackElo "2558"]
[PlyCount "0"]
[WhiteTeam "Utebo San Lamberto"]
[BlackTeam "Jaime Casas"]
[EventDate "2022.01.29"]


1. c4 e5 2. g3 Nc6 3. Bg2 h5 4. h4 Bc5 5. a3 a6 6. Nc3 d6 7. e3 Ba7 8. b4 Bg4 9.
Bf3 Qd7 10. Rb1 Nf6 11. d3 Ne7 12. Ne4 Nxe4 13. Bxg4 hxg4 14. dxe4 f5 15. Qd3
Qc6 16. b5 axb5 17. Rxb5 Bb6 18. Ne2 Ra4 19. O-O fxe4 20. Qb3 Qxc4 21. Nc3 Qxb3
22. Rxb3 Rc4 23. a4 Kd7 24. Bd2 Ra8 25. Ra1 Ba5 26. Rxb7 Bxc3 27. Rc1 Nd5 28.
Rb3 Ra6 29. Rb5 Rac6  0-1

[Event "Campeonato de Aragon por Equipos - Division de Honor"]
[Site ""]
[Date "2022.03.05"]
[Round "6.13"]
[White "Ramiro Ovejero, Juan Luis"]
[Black "Lopez Guaita, Fernando"]
[Result "1-0"]
[WhiteElo "2324"]
[BlackElo "1828"]
[PlyCount "0"]
[WhiteTeam "Jaime Casas"]
[BlackTeam "Utebo San Lamberto"]
[EventDate "2022.01.29"]

1. e4 c6 2. d4 d5 3. e5 c5 4. dxc5 Nc6 5. Nf3 Bg4 6. c3 e6 7. Be3 Bxf3 8. Qxf3
Nxe5 9. Qg3 Nc6 10. Nd2 Nf6 11. Bb5 Be7 12. O-O O-O 13. Rfd1 Rc8 14. b4 Qc7 15.
Bf4 e5 16. Bh6 Ne8 17. Nf3 Rd8 18. Ba4 Bf6 19. Bb3 d4 20. cxd4 Nxd4 21. Nxd4
Rxd4 22. Rxd4 exd4 23. Bf4 Qc8 24. Rc1 g6 25. Qf3 Qf5 26. Bd5 g5 27. Bg3 Qxf3
28. Bxf3 Ng7 29. Bxb7 Nf5 30. c6 Nxg3 31. hxg3 d3 32. c7  1-0

[Event "Campeonato de Aragon por Equipos - Division de Honor"]
[Site ""]
[Date "2022.03.05"]
[Round "6.14"]
[White "Arias Alvarez, Alberto"]
[Black "Fontana Sotomayor, Luis Javier"]
[Result "0-1"]
[WhiteElo "1699"]
[BlackElo "2251"]
[PlyCount "0"]
[WhiteTeam "Utebo San Lamberto"]
[BlackTeam "Jaime Casas"]
[EventDate "2022.01.29"]

1. e4 Nf6 2. d3 e5 3. Nf3 Nc6 4. Be2 d5 5. exd5 Nxd5 6. Nc3 Be7 7. O-O O-O 8.
Nxd5 Qxd5 9. Bg5 f6 10. Be3 Rd8 11. Nd2 Be6 12. f4 Bc5 13. Bxc5 Qxc5+ 14. Kh1
Qe7 15. fxe5 Nxe5 16. Nf3 Ng4 17. Qd2 Bd5 18. Nh4 Qe3 19. Qe1 Nh6 20. Bf3 Qxe1
21. Raxe1 Kf7 22. Be4 Bxe4 23. Rxe4 Re8 24. Rfe1 Rxe4 25. Rxe4 Rd8 26. Kg1 g5
27. Nf3 Nf5 28. g4 Nd6 29. Re2 h5 30. h3 hxg4 31. hxg4 Ne8 32. Re4 Ng7 33. Nd4
c5 34. Nb3 Ne6 35. Nd2 Nd4 36. c3 Ne6 37. Re3 Nf4 38. Nc4 Rxd3 39. Rxd3 Nxd3
40. Nd6+ Ke6 41. Nxb7 Kd5 42. b3 Ne5 43. Kg2 Nxg4 44. Kg3 Ne5 45. c4+ Kc6 46.
Nd8+ Kd7 47. Nb7 Nd3 48. b4 cxb4 49. Na5 Nc5 50. Kg4 Kc7 51. Kf5 Kb6 52. Nb3
Nxb3 53. axb3 Kc5  0-1

[Event "Campeonato de Aragon por Equipos - Division de Honor"]
[Site ""]
[Date "2022.03.05"]
[Round "6.16"]
[White "Hinojar Basa, Alfonso"]
[Black "Gavin Roche, Enrique"]
[Result "1/2-1/2"]
[WhiteElo "2125"]
[BlackElo "2237"]
[PlyCount "0"]
[WhiteTeam "Marcos Frechin"]
[BlackTeam "ONCE C. A. Aragon"]
[EventDate "2022.01.29"]

1. e4 e5 2. Nf3 d6 3. d4 Nf6 4. dxe5 Nxe4 5. Be3 Bf5 6. Nd4 Bd7 7. exd6 Bxd6 8.
Nd2 Nxd2 9. Qxd2 Nc6 10. O-O-O Nxd4 11. Qxd4 O-O 12. h4 Be6 13. h5 f6 14. Bc4
Qe7 15. Rhe1 Bxc4 16. Qxc4+ Qf7 17. Qxf7+ Kxf7 18. c4 Rfd8 19. Kc2 Bb4 20. Rxd8
Rxd8 21. Re2 1/2-1/2

[Event "Campeonato de Aragon por Equipos - Division de Honor"]
[Site ""]
[Date "2022.03.05"]
[Round "6.17"]
[White "Laliena Solanes, Luis"]
[Black "Portero Garnica, Miguel Angel"]
[Result "1-0"]
[WhiteElo "2200"]
[BlackElo "2088"]
[PlyCount "0"]
[WhiteTeam "ONCE C. A. Aragon"]
[BlackTeam "Marcos Frechin"]
[EventDate "2022.01.29"]

1. e4 e5 2. Nf3 Nc6 3. Bc4 Nf6 4. d4 exd4 5. e5 d5 6. Bb5 Ne4 7. Nxd4 Bd7 8.
Bxc6 bxc6 9. O-O Be7 10. f3 Nc5 11. f4 f5 12. Be3 O-O 13. Nd2 Qc8 14. c4 a5 15.
Qc2 Na6 16. N4f3 Qb7 17. a3 g6 18. h4 Rfb8 19. b3 Bc5 20. Bxc5 Nxc5 21. cxd5
Nxb3 22. Nxb3 Qxb3 23. Qxb3 Rxb3 24. dxc6 Bxc6 25. Nd4 Rb6 26. Rac1 Raa6 27.
Rf2 Be4 28. Rxc7 Rb1+ 29. Kh2 Rd1 30. Rb2 Ra8 31. Ne6 Bd5 32. Nc5 Rd4 33. Nd7
h6 34. Nf6+ Kf8 35. Rd7 Rxf4 36. Rxd5 Rxh4+ 37. Kg3 g5 38. Rb7 1-0

[Event "Campeonato de Aragon por Equipos - Division de Honor"]
[Site ""]
[Date "2022.03.05"]
[Round "6.18"]
[White "Miranda Herrera, Jorge Manuel"]
[Black "Latorre Abad, Fernando"]
[Result "1/2-1/2"]
[WhiteElo "2051"]
[BlackElo "2109"]
[PlyCount "0"]
[WhiteTeam "Marcos Frechin"]
[BlackTeam "ONCE C. A. Aragon"]
[EventDate "2022.01.29"]

1. e4 c5 2. c3 e6 3. d4 d5 4. exd5 exd5 5. Nf3 Nc6 6. Bb5 Bd6 7. dxc5 Bxc5 8.
O-O Nge7 9. Nbd2 O-O 10. Nb3 Bd6 11. h3 Bf5 12. Nfd4 Bg6 13. f4 Be4 14. f5 Be5
15. Bxc6 Nxc6 16. Nxc6 bxc6 17. Be3 Re8 18. Nc5 Bc7 19. Bd4 Qg5 20. Qg4 Qxg4
21. hxg4 Bg3 22. Bf2 Bd6 23. Nb3 a5 24. Bc5 Bg3 25. Nd4 Rab8 26. b4 axb4 27.
cxb4 Rbc8 28. Rad1 Be5 29. Nf3 Ra8 30. Rf2 Bg3 31. Re2 h5 32. gxh5 Bxf5 33.
Rxe8+ Rxe8 34. Nd4 Bg4 35. Rc1 Bf4 36. Rc3 Be3+ 37. Kf1 Bxd4 38. Bxd4 Re6 39.
a4 Bxh5 40. Rc2 Bd1 41. Ra2 Bb3 42. Ra3 Bc4+ 43. Kf2 Re2+ 44. Kf3 Rd2 45. Bc5
Rd3+ 1/2-1/2

[Event "Campeonato de Aragon por Equipos - Division de Honor"]
[Site ""]
[Date "2022.03.05"]
[Round "6.19"]
[White "Cobo Garrido, Diego Israel"]
[Black "Moya Gimeno, Raul"]
[Result "1-0"]
[WhiteElo "2076"]
[BlackElo "1877"]
[PlyCount "0"]
[WhiteTeam "ONCE C. A. Aragon"]
[BlackTeam "Marcos Frechin"]
[EventDate "2022.01.29"]

1. e4 c5 2. Nf3 Nc6 3. d4 cxd4 4. Nxd4 Nf6 5. Nc3 e5 6. Ndb5 d6 7. Bg5 a6 8.
Na3 b5 9. Nd5 Be7 10. Bxf6 Bxf6 11. c3 Bg5 12. Nc2 O-O 13. a4 bxa4 14. Rxa4 a5
15. Bc4 Rb8 16. b3 Kh8 17. O-O f5 18. exf5 Bxf5 19. Nce3 Bd7 20. Ra2 Be6 21.
Qe2 Ne7 22. Nxe7 Qxe7 23. Nd5 Bxd5 24. Bxd5 Qc7 25. Bc4 Qc5 26. Qe4 Rbc8 27.
Qd5 Qxd5 28. Bxd5 Rxc3 29. Rxa5 g6 30. Ra2 Rc5 31. Rd1 Rfc8 32. Kf1 Kg7 33. Rb2
Bc1 34. Rb1 Bg5 35. Bf3 Rc1 36. b4 Rxb1 37. Rxb1 Rb8 38. b5 Rb6 39. Bc6 Kf6 40.
Ra1 Ke6 41. Ra8 d5 42. Ke2 Bf6 43. f3 Kd6 44. Ra7 Kc5 45. Rxh7 Rb8 46. Rf7 Bh8
47. Rd7 d4 48. Kd3 Rf8 49. Rd5+ Kb6 50. Kc4 Rf4 51. Rd7 d3+ 52. Kxd3 Rd4+ 53.
Ke3 Rxd7 54. Bxd7 Bf6 55. Ke4 Kc5 56. Be8 Bg7 57. g3 Bf6 58. h4 Bg7 59. g4 Bf6
60. h5 gxh5 61. gxh5 Bg7 62. Kf5 Kd6 63. Kg6 Bh8 64. Kf7 1-0

[Event "Campeonato de Aragon por Equipos - Division de Honor"]
[Site ""]
[Date "2022.03.05"]
[Round "6.21"]
[White "Gella Bitrian, Diego"]
[Black "Escartin Lacasa, Jose"]
[Result "0-1"]
[WhiteElo "2037"]
[BlackElo "2315"]
[PlyCount "0"]
[WhiteTeam "Atletismo Huesca"]
[BlackTeam "Jaque - Pirenauto"]
[EventDate "2022.01.29"]

1. e4 c5 2. Nf3 Nc6 3. d4 cxd4 4. Nxd4 g6 5. Nc3 Bg7 6. Be3 Nf6 7. Qd2 O-O 8.
f3 d5 9. exd5 Nxd5 10. Nxd5 Qxd5 11. Nxc6 Qxc6 12. c3 Bf5 13. Rd1 Be6 14. Be2
Bxa2 15. Qd7 Be6 16. Qxc6 bxc6 17. Ba6 Rfb8 18. Bc1 Rb6 19. Be2 a5 20. O-O a4
21. f4 Bd5 22. Bd3 Bb3 23. Rde1 e6 24. Be3 Rb7 25. Bc5 Bf8 26. Bxf8 Kxf8 27.
Re5 Ba2 28. Rf2 Rd8 29. Bc2 Rxb2 30. Bxa4 Rb1+ 31. Rf1 Rxf1+ 32. Kxf1 Bd5 33.
g3 Ra8 34. Bd1 Ra1 35. Ke2 f6 36. Re3 Bc4+ 37. Kd2 Ra2+ 38. Kc1 Rxh2 39. Ba4 c5
40. Bc6 h5 41. Re4 Bb3 42. Re3 Rc2+ 43. Kb1 Rf2 44. Be4 Kf7 45. Bd3 h4 46. gxh4
Rxf4 47. Rh3 c4 48. Be2 Rf2 49. Re3 Rh2 0-1

[Event "Campeonato de Aragon por Equipos - Division de Honor"]
[Site ""]
[Date "2022.03.05"]
[Round "6.23"]
[White "Laplaza Ara, Carlos"]
[Black "Carrasquer Alonso, Fernando"]
[Result "0-1"]
[WhiteElo "1932"]
[BlackElo "1875"]
[PlyCount "0"]
[WhiteTeam "Atletismo Huesca"]
[BlackTeam "Jaque - Pirenauto"]
[EventDate "2022.01.29"]


1. d4 Nf6 2. c4 d6 3. Nc3 g6 4. e4 Nbd7 5. Nf3 e5 6. h3 Bg7 7. Be3 O-O 8. Be2
c6 9. dxe5 dxe5 10. O-O Qe7 11. Qc2 Nh5 12. Nh2 Nf4 13. Bf3 Nf6 14. Ne2 N6h5
15. Ng3 Nxg3 16. fxg3 Ne6 17. Bg4 Nd4 18. Bxd4 exd4 19. Rae1 Bxg4 20. Nxg4 Be5
21. Rf3 Rad8 22. Ref1 Qg5 23. Qf2 Rd7 24. Qc2 h5 25. Nxe5 Qxe5 26. Qd3 Re8 27.
Rf4 Ree7 28. b4 a5 29. a3 axb4 30. axb4 Kg7 31. Ra1 Re6 32. h4 Rf6 33. Ra5 Qe7
34. Rxf6 Qxf6 35. Ra1 Qd6 36. c5 Qe6 37. Rf1 Qa2 38. Kh2 Qb2 39. Rb1 Qc3 40.
Qxc3 dxc3 41. Rc1 Rd4 42. Rxc3 Rxb4 43. e5 Re4 44. Rb3 Rxe5 45. Rxb7 Rxc5 46.
Kg1 Rc2 47. Rc7 c5 48. Kf1 c4 49. Rc6 c3 50. Ke1 Rxg2 51. Rxc3 Kf6 52. Kf1 Ra2
53. Rc5 Ke6 54. Rb5 Rd2 55. Ra5 Rd5 56. Ra3 f6 57. Kf2 Rd2+ 58. Kf3 Rd4 59.
Ra6+ Ke5 60. Ra5+ Rd5 61. Ra3 Kf5 62. Rb3 g5 63. hxg5 fxg5 64. Rb8 Rd3+ 65. Kf2
Kg4 0-1

[Event "Campeonato de Aragon por Equipos - Division de Honor"]
[Site ""]
[Date "2022.03.05"]
[Round "6.24"]
[White "Felez Casedas, Carlos"]
[Black "Del Rey, Diego"]
[Result "0-1"]
[WhiteElo "1947"]
[BlackElo "2370"]
[PlyCount "0"]
[WhiteTeam "L'Aurora Estadilla"]
[BlackTeam "El Olivar"]
[EventDate "2022.01.29"]

1. e4 c5 2. Nf3 Nc6 3. d3 g6 4. g3 Bg7 5. Bg2 e5 6. Nc3 Nge7 7. h4 h6 8. Be3 d6
9. Qd2 Nd4 10. Nd5 Nxd5 11. exd5 Bg4 12. Nh2 Bd7 13. h5 gxh5 14. c3 Nf5 15. Nf3
Qf6 16. O-O-O O-O-O 17. Rxh5 Nxe3 18. Qxe3 Bg4 19. Bh3 Bxh3 20. Rxh3 Qg6 21.
Nh4 Qg4 22. Rhh1 f5 23. f3 Qh5 24. Ng2 Qf7 25. c4 Rde8 26. Kb1 Qf6 27. Rd2 h5
28. Re2 Kb8 29. Rhe1 a6 30. Qf2 Re7 31. Nf4 Rf7 32. Ne6 Qg6 33. f4 Bf6 34. Nxc5
dxc5 35. fxe5 f4 36. gxf4 Qxd3+ 37. Ka1 Qxc4 38. Rc2 Bh4 39. Rxc4 Bxf2 40. Rf1
Bd4 41. e6 Rf6 42. Rc2 Rg8 43. a4 Kc7 0-1

[Event "Campeonato de Aragon por Equipos - Division de Honor"]
[Site ""]
[Date "2022.03.05"]
[Round "6.25"]
[White "Villuendas Valero, Adrian"]
[Black "Pellicer Cemeli, Jose Luis"]
[Result "1-0"]
[WhiteElo "2271"]
[BlackElo "1963"]
[PlyCount "0"]
[WhiteTeam "El Olivar"]
[BlackTeam "L'Aurora Estadilla"]
[EventDate "2022.01.29"]

1. d4 e6 2. Nf3 d5 3. g3 Nf6 4. Bg2 c5 5. O-O Nc6 6. c4 cxd4 7. Nxd4 Bc5 8. Nb3
Be7 9. cxd5 Nxd5 10. N1d2 O-O 11. Nc4 b5 12. Ne3 Nxe3 13. Bxe3 Bb7 14. Rc1 Rc8
15. Bxa7 Nxa7 16. Bxb7 Rxc1 17. Nxc1 Qb6 18. Bf3 Rd8 19. Qc2 Rc8 20. Qb3 Nc6
21. Bxc6 Rxc6 22. Nd3 Bf6 23. Rc1 g6 24. Rxc6 Qxc6 25. Qd1 Qd5 26. b3 Bc3 27.
Qc2 Bd4 28. a4 bxa4 29. bxa4 e5 30. e3 Bb6 31. Nb4 Qd7 32. Nc6 Qc7 33. Qe4 Ba5
34. Nxe5 Bc3 35. Nc6 Kg7 36. Qc4 Be1 37. Kf1 Ba5 38. Qc5 Kh6 39. h4 Bb6 40.
Qg5+ Kg7 41. Qe5+ 1-0

[Event "Campeonato de Aragon por Equipos - Division de Honor"]
[Site ""]
[Date "2022.03.05"]
[Round "6.26"]
[White "Fuentes Espuna, Juan Antonio"]
[Black "Hernando Garcia, Antonio"]
[Result "1/2-1/2"]
[WhiteElo "1903"]
[BlackElo "2133"]
[PlyCount "0"]
[WhiteTeam "L'Aurora Estadilla"]
[BlackTeam "El Olivar"]
[EventDate "2022.01.29"]

1. e4 d5 2. exd5 Qxd5 3. Nc3 Qd8 4. d4 c6 5. Nf3 Bg4 6. Be2 e6 7. O-O Nd7 8.
Re1 Ngf6 9. h3 Bh5 10. Ng5 Bxe2 11. Qxe2 Be7 12. Nxf7 Kxf7 13. Qxe6+ Kf8 14.
Bf4 Nb6 15. Rad1 Qd7 16. Qb3 Nbd5 17. Nxd5 cxd5 18. Be5 Kf7 19. c4 dxc4 20.
Qxc4+ Qd5 21. Qd3 Rhe8 22. Re3 Bd6 23. Bxf6 Rxe3 24. fxe3 gxf6 25. Qxh7+ Ke6
26. e4 Qg5 27. d5+ Ke5 28. Qf7 Kxe4 29. Qe6+ Be5 30. d6 Qg3 31. Qd5+ Kf5 32.
Rf1+ Kg6 33. Qe4+ Kh6 34. Rf3 Qg5 35. h4 Qc1+ 36. Rf1 Qxb2 37. Rd1 Qb6+ 38. Kh1
Bxd6 39. h5 Rg8 40. Qe6 Rf8 41. Qf5 Kg7 42. Qg6+ Kh8 1/2-1/2

[Event "Campeonato de Aragon por Equipos - Division de Honor"]
[Site ""]
[Date "2022.03.05"]
[Round "6.27"]
[White "Galstyan, David"]
[Black "Puertolas Serena, Arturo"]
[Result "1/2-1/2"]
[WhiteElo "1859"]
[BlackElo "1782"]
[PlyCount "0"]
[WhiteTeam "El Olivar"]
[BlackTeam "L'Aurora Estadilla"]
[EventDate "2022.01.29"]

1. e4 c6 2. Nf3 d5 3. Nc3 dxe4 4. Nxe4 Nf6 5. Qe2 Nxe4 6. Qxe4 Nd7 7. Bc4 e6 8.
d4 Nf6 9. Qe2 Be7 10. Bd2 O-O 11. h4 b6 12. O-O-O Nd5 13. g4 Qc7 14. g5 Bd6 15.
h5 Bf4 16. Kb1 Bxd2 17. Nxd2 c5 18. g6 h6 19. gxf7+ Rxf7 20. dxc5 Qxc5 21. Ne4
Qc6 22. Bb5 Qc7 23. Rhg1 Bb7 24. Qg4 Qe5 25. Bd3 Nf4 26. Nd6 Nxd3 27. Rxd3 Re7
28. Nxb7 Rxb7 29. Qg6 Kh8 30. Re3 Qf5 31. Rxe6 Qxf2 32. Rge1 Rf8 33. a3 Rbf7
34. R6e2 Qf3 35. Rg2 Qf4 36. Reg1 Qe5 37. Qg4 Rf1+ 38. Ka2 Rxg1 39. Rxg1 Qd5+
40. Kb1 Qe5 41. Qg6 Qd4 42. Ka2 Qd5+ 43. Kb1 Qe5 44. Rd1 Kg8 45. Rg1 Kh8
1/2-1/2